3 Clubs - 1 joueur #3 - Statistiques

Statistiques générales
  • Ce quiz a été pris 153 fois
  • Le résultat moyen est 4 sur 10
Statistiques - réponses
Clubs Joueur % Correct
Naples - PSG - Hebei FC Ezequiel Lavezzi
76%
CA Talleres - US Palerme - PSG Javier Pastore
73%
Clermont Foot - Olympique de Marseille - LA Galaxy Romain Alessandrini
50%
Southampton FC - Manchester United - OGC Nice Morgan Schneiderlin
44%
Juventus FC - Parme FC - Toronto FC Sebastian Giovinco
40%
Sporting CP - AS Monaco - SC Braga Joao Moutinho
36%
FSV Mayence - Liverpool FC - Besiktas JK Loris Karius
22%
Ajax Amsterdam - Real Madrid - Tottenham Hotspur Rafael Van der Vaart
21%
FC Porto - Liverpool FC - Chelsea FC Raul Meireles
10%
River Plate - Real Madrid - Manchester City Martin Demichelis
9%
Aucun quiz correspondant
Distribution des résultats
% des personnes avec chaque résultat
Percentile par nombre de réponses
Votre historique - résultats
Vous n’avez pas pris ce quiz